Nuevas perspectivas para el estudio del arte rupestre galaico-portugués a la luz de la antropología / (Record no. 73758)

MARC details
000 -LEADER
campo de control de longitud fija 00732nam a2200193 i 4500
001 - NÚMERO DE CONTROL
campo de control 73758
003 - IDENTIFICADOR DE NÚMERO DE CONTROL
campo de control ES-MaACL
005 - FECHA Y HORA DE LA ÚLTIMA TRANSACCIÓN
campo de control 20230906171921.0
007 - CAMPO FIJO DE DESCRIPCIÓN FÍSICA--INFORMACIÓN GENERAL
campo de control de longitud fija t|
008 - DATOS DE LONGITUD FIJA--INFORMACIÓN GENERAL
campo de control de longitud fija 040910s1979 sp ||||1| spa d
100 0# - ENTRADA PRINCIPAL--NOMBRE DE PERSONA
Nombre de persona Gómez-Tabanera, José Manuel,
Fechas asociadas al nombre 1926-2011
9 (RLIN) 58165
245 10 - MENCIÓN DEL TÍTULO
Título Nuevas perspectivas para el estudio del arte rupestre galaico-portugués a la luz de la antropología /
Mención de responsabilidad, etc. José Manuel Gómez-Tabanera.
260 ## - PUBLICACIÓN, DISTRIBUCIÓN, ETC.
Lugar de publicación, distribución, etc. Zaragoza :
Nombre del editor, distribuidor, etc. [s.n.,
Fecha de publicación, distribución, etc. 1979]
300 ## - DESCRIPCIÓN FÍSICA
Extensión 6 h. ;
Dimensiones 24 cm.
500 ## - NOTA GENERAL
Nota general Es Separata del: XV Congreso Nacional de Arqueología, Lugo 1977, p. 439-450.
711 2# - ENTRADA AGREGADA--NOMBRE DE REUNIÓN
Nombre de congreso/reunión o jurisdicción como elemento de entrada Congreso Nacional de Arqueología (
Número del congreso/reunión o número de parte o sección 15º.
Fecha del congreso o de la firma del tratado 1977.
Sede del congreso/Lugar de la reunión Lugo)
9 (RLIN) 515
852 ## - LOCALIZACIÓN
Ubicación ES-MaACL
Número de control de estantería 2112-F-23
Sublocalización o colección R.99388
Holdings
Estatus retirado Estado de pérdida Estado de daño No para préstamo Colección Biblioteca de origen Biblioteca actual Ubicación en estantería Fecha de adquisición Fuente de adquisición Total de préstamos Signatura topográfica completa Código de barras Visto por última vez Precio de reemplazo Tipo de ítem Koha
        Colección de folletos Biblioteca del Ateneo de Madrid Biblioteca del Ateneo de Madrid Depósito folletos 17/01/2008     2112-F-23 1077206 23/02/2023 23/02/2023 Folleto